000 00574nam a22002057a 4500
003 BD-ChCU
005 20260511094803.0
008 260511b nyu||||| |||| 00| 0engd
020 _a9780198717850
040 _cBD-ChCU
082 _223
_a577.7 M298
100 _aKaiser., Michel J.
_922720
245 _aMarine ecology :
_bprocesses uystems and impacts /
_cMichel J Kaiser...(et.al.).
250 _a2ed.
260 _aNew York :
_bOxfor University Press,
_c2011
300 _a501 P. :
500 _aIncludes.
650 0 _aMarine ecology.
_922723
942 _2ddc
_cBK
_n0
999 _c112844
_d112844